Experiments in the reduction of group prejudices of students in Madras state : A learning theory approach (Record no. 13937)

MARC details
000 -LEADER
fixed length control field 00526nam a2200157Ia 4500
082 ## - DEWEY DECIMAL CLASSIFICATION NUMBER
Classification number TV.0090
100 ## - MAIN ENTRY--AUTHOR NAME
Personal name Venkatasubrahmanyan, T.R.
245 #0 - TITLE STATEMENT
Title Experiments in the reduction of group prejudices of students in Madras state : A learning theory approach
260 ## - PUBLICATION, DISTRIBUTION, ETC. (IMPRINT)
Year of publication 1967
Name of publisher University of Lucknow
300 ## - PHYSICAL DESCRIPTION
Number of Pages 230p.
650 ## - SUBJECT ADDED ENTRY--TOPICAL TERM
Topical Term PREJUDICES IN CHILDREN - MADRAS STATE
650 ## - SUBJECT ADDED ENTRY--TOPICAL TERM
Topical Term CHILD PSYCHOLOGY///PREJUDICES IN CHILDREN
650 ## - SUBJECT ADDED ENTRY--TOPICAL TERM
Topical Term STUDENTS - PSYCHOLOGY - MADRAS STATE
710 ## - ADDED ENTRY--CORPORATE NAME
Corporate name or jurisdiction name as entry element Raj Narain
942 ## - ADDED ENTRY ELEMENTS (KOHA)
Koha item type Thesis
Source of classification or shelving scheme Dewey Decimal Classification
Holdings
Withdrawn status Lost status Damaged status Not for loan Home library Current library Date acquired Full call number Accession Number Price effective from Koha item type
        NASSDOC Library NASSDOC Library 08/10/2004 TV.0090 9428 18/04/2019 Thesis